000 01290nam a22003257a 4500
001 BR7705006
003 BR-BrBNA
005 20230928085423.0
007 ta
008 230509b bl.||||| |||| 00| 0 por d
040 _aBR-BrBNA
_bpor
_cBiblioteca Nacional de Agricultura
041 _a(Por)
072 _aF60; F25
_b0590
_b1190
_b3290
_b2790
_b/G514
_b/GZ74
090 _ 0590 BR7705006
100 1 _aSantos, V.D. dos
110 1 _aUniversidade de Sao Paulo, Sao Paulo (Brasil). Inst. de Biociencias
_0Tese (Mestrado)
_910539
245 1 _aAspectos da nutricao mineral de algumas especies do cerrado [piriquiteira, Cochlospermum regium, mandioca brava, Manihot tripartita, cajui, Anacardium humile, angelim amargo, Andira humilis, erva de rato, Palicourea rigida, Brasil]
260 3 _aSao Paulo, SP (Brasil):
_c1977.
300 _a109 p.
500 _a23 tables; Summaries (Eng, Por); Bibliography p. 100-109 (104 ref.). (*) Documento disponível na(o) Fundacao Universidade Estadual de Maringa, PR (Brazil). Biblioteca Central
650 _aPIRIQUITEIRA
650 _aMANDIOCA BRAVA
650 _aCAJUI
650 _aANGELIM AMARGO
650 _aERVA DE RATO
650 _aNUTRIENTE MINERAL
650 _aCERRADO
909 _a202309
_bLucia
_c55
_dLucia Elande
942 _cBK
999 _c24344
_d24344